000
00327 a2200169 4500
001
174642
020
_a
85-322-0387-6
040
_c
Magnum
100
_a
Porto, Cristina
240
1
0
_a
A pipa
_l
por
245
1
0
_a
A pipa
300
_a
24
362
0
_a
1991
440
1
_a
FTD
697
_a
LITERATURA INFANTIL
942
_c
BK
999
_c
174642
_d
174642